Squiggle gets stuck: (Record no. 141668)
[ view plain ]
| 000 -LEADER | |
|---|---|
| fixed length control field | 00725nam a22001937a 4500 |
| 010 ## - LCCN (DPL NO) | |
| LC control number | 1718CH-EN |
| 020 ## - INTERNATIONAL STANDARD BOOK NUMBER | |
| International Standard Book Number | 9789384757960 |
| Terms of availability | 199.00 |
| 035 ## - SYSTEM CONTROL NUMBER | |
| System control number | B-673200-205 |
| 037 ## - SOURCE OF ACQUISITION | |
| Stock number | DPL |
| Source of stock number/acquisition | BSB |
| 082 ## - DEWEY DECIMAL CLASSIFICATION NUMBER | |
| Classification number | S |
| 100 ## - MAIN ENTRY--PERSONAL NAME | |
| Personal name | Sharma, Natasha |
| 245 ## - TITLE STATEMENT | |
| Title | Squiggle gets stuck: |
| Statement of responsibility, etc | by Natasha Sharma; illustrated by Vikram Nandwani |
| Remainder of title | all about muddled sentences / |
| 260 ## - PUBLICATION, DISTRIBUTION, ETC. (IMPRINT) | |
| Place of publication, distribution, etc | Gurgaon |
| Name of publisher, distributor, etc | Puffin Book |
| Date of publication, distribution, etc | 2016 |
| 270 ## - ADDRESS | |
| Address | 7th Floor, Infinity Tower C, DLF Cyber City, |
| City | Gurgaon |
| Postal code | 122002 |
| 300 ## - PHYSICAL DESCRIPTION | |
| Extent | 84p. |
| Dimensions | 19cm(pbk) |
| 700 ## - ADDED ENTRY--PERSONAL NAME | |
| Personal name | Nandwani, Vikram |
| 942 ## - ADDED ENTRY ELEMENTS (KOHA) | |
| Source of classification or shelving scheme | Dewey Decimal Classification |
| Item type | Children Books |
| Call number suffix | SHA |
| Classification part | S |
| Withdrawn status | Lost status | Not for loan | Collection code | Home library | Current library | Date acquired | Source of acquisition | Cost, normal purchase price | Full call number | Barcode | Copy number | Cost, replacement price | Koha item type |
|---|---|---|---|---|---|---|---|---|---|---|---|---|---|
| Fiction | Central Library | Central Library | 16/10/2017 | BSB/64/22.7.2017/CH-EN/69/14.7.2017/24.7.2017 | 199.00 | S SHA | B-673201 | 1 | 199.00 | Children Books | |||
| Fiction | Janak Puri | Janak Puri | 16/10/2017 | BSB/64/22.7.2017/CH-EN/69/14.7.2017/24.7.2017 | 199.00 | S SHA | B-673203 | 1 | 199.00 | Children Books | |||
| Fiction | New Police Line | New Police Line | 16/10/2017 | BSB/64/22.7.2017/CH-EN/69/14.7.2017/24.7.2017 | 199.00 | S SHA | B-673200 | 1 | 199.00 | Children Books | |||
| Fiction | Patel Nagar | Patel Nagar | 16/10/2017 | BSB/64/22.7.2017/CH-EN/69/14.7.2017/24.7.2017 | 199.00 | S SHA | B-673202 | 1 | 199.00 | Children Books | |||
| Fiction | Sarojini Nagar | Sarojini Nagar | 16/10/2017 | BSB/64/22.7.2017/CH-EN/69/14.7.2017/24.7.2017 | 199.00 | S SHA | B-673204 | 1 | 199.00 | Children Books | |||
| Fiction | Shahdara Branch | Shahdara Branch | 16/10/2017 | BSB/64/22.7.2017/CH-EN/69/14.7.2017/24.7.2017 | 199.00 | S SHA | B-673205 | 1 | 199.00 | Children Books |
